00685nam a2200181 i 450000100060000000300090000600500170001500700030003200800410003510000240007624501070010026000430020730000380025070000440028885200320033299900170036495201220038157123ES-MaACL20230906163522.0t|031015s1972 sp ||||1| spa d1 aDonne, John.94532510aPoesía amorosa / cJohn Donne ; selección, traducción y prólogo de José Mª Martín Triana. a[Madrid : bAlberto Corazón, c1972] a83 p. : b1 retr. aut. ; c19 cm.1 aMartín Triana, José María.977665 aES-MaACLjC-51183 bR.83794 c57123d57123 00104070aATENEOMbATENEOMcDEPO2d2008-01-17eSCl0oC-51183p1059978r2023-02-23 00:00:00w2023-02-23yMONOGRAFIA